000 003060000a22001090004500
245 1 0 _aSiguiendo la huellas de un pionero
300 _aVol.62, núm. 285 (2007), Páginas 32-33
500 _aHomenaje a Alfonso Corzo Carrillo
650 1 4 _aISAÍAS 52,53
773 0 _tLa Biblia de las Américas
942 _cANA
999 _c62614
_d62614